[Event "DVM U16w 2023"]
[Site "Magdeburg GER"]
[Date "2023.12.30"]
[Round "7"]
[White "Moldovan, Tatiana"]
[Black "Stepanjan, Marianne"]
[Result "1/2-1/2"]
[Termination "normal"]
[Board "5.1"]
[WhiteElo "1590"]
[BlackElo "1678"]
[WhiteClock "00:51:57"]
[BlackClock "00:01:38"]
[WhiteTeam "SG Königskinder Hohentübingen"]
[BlackTeam "TuRa Harksheide 1945 Norderstedt"]
[PlyCount "66"]
[WhiteFideId "16287398"]
[BlackFideId "16246110"]
[EventCountry "GER"]
[EventRounds "7"]
[EventType "team-swiss"]
[EventDate "2023.12.26"]

1. e4 {[%clk 01:30:58]} {[%emt 00:00:01]} c5 {[%clk 01:30:54]} {[%emt
00:00:06]} 2. Nc3 {[%clk 01:31:20]} {[%emt 00:00:09]} d6 {[%clk 01:31:18]}
{[%emt 00:00:05]} 3. Nf3 {[%clk 01:30:25]} {[%emt 00:01:25]} Nf6 {[%clk
01:30:08]} {[%emt 00:01:41]} 4. d4 {[%clk 01:30:33]} {[%emt 00:00:22]} cxd4
{[%clk 01:30:33]} {[%emt 00:00:05]} 5. Nxd4 {[%clk 01:30:57]} {[%emt 00:00:06]}
a6 {[%clk 01:30:57]} {[%emt 00:00:05]} 6. Bd3 {[%clk 01:30:22]} {[%emt
00:01:06]} e6 {[%clk 01:21:04]} {[%emt 00:10:23]} 7. O-O {[%clk 01:30:12]}
{[%emt 00:00:39]} Be7 {[%clk 01:21:27]} {[%emt 00:00:09]} 8. Kh1 {[%clk
01:27:19]} {[%emt 00:03:22]} O-O {[%clk 01:20:07]} {[%emt 00:01:49]} 9. f4
{[%clk 01:26:15]} {[%emt 00:01:35]} Nbd7 {[%clk 01:15:33]} {[%emt 00:05:03]}
10. Nb3 {[%clk 01:21:44]} {[%emt 00:04:59]} b5 {[%clk 01:11:28]} {[%emt
00:04:36]} 11. Qe2 {[%clk 01:21:24]} {[%emt 00:00:52]} Qc7 {[%clk 01:09:36]}
{[%emt 00:02:21]} 12. Rf3 {[%clk 01:20:45]} {[%emt 00:01:10]} Bb7 {[%clk
01:07:28]} {[%emt 00:02:37]} 13. Rg3 {[%clk 01:19:21]} {[%emt 00:01:55]} Kh8
{[%clk 01:04:27]} {[%emt 00:03:31]} 14. Rh3 {[%clk 01:19:21]} {[%emt 00:00:30]}
b4 {[%clk 01:00:09]} {[%emt 00:04:48]} 15. Nd1 {[%clk 01:18:42]} {[%emt
00:01:08]} Rfd8 {[%clk 00:47:38]} {[%emt 00:13:00]} 16. Nf2 {[%clk 01:16:18]}
{[%emt 00:02:56]} e5 {[%clk 00:40:43]} {[%emt 00:07:24]} 17. f5 {[%clk
01:15:28]} {[%emt 00:01:21]} d5 {[%clk 00:39:23]} {[%emt 00:01:49]} 18. exd5
{[%clk 01:12:48]} {[%emt 00:03:10]} Bxd5 {[%clk 00:33:19]} {[%emt 00:06:34]}
19. Be4 {[%clk 01:02:06]} {[%emt 00:11:12]} Bxe4 {[%clk 00:27:20]} {[%emt
00:06:29]} 20. Nxe4 {[%clk 00:59:30]} {[%emt 00:03:07]} Nxe4 {[%clk 00:27:21]}
{[%emt 00:00:29]} 21. Qxe4 {[%clk 00:59:55]} {[%emt 00:00:05]} Nf6 {[%clk
00:25:49]} {[%emt 00:02:02]} 22. Qe2 {[%clk 01:00:11]} {[%emt 00:00:12]} Qc4
{[%clk 00:23:46]} {[%emt 00:02:35]} 23. Qe1 {[%clk 00:57:18]} {[%emt 00:03:20]}
Qxc2 {[%clk 00:21:54]} {[%emt 00:02:27]} 24. Bd2 {[%clk 00:55:52]} {[%emt
00:01:56]} Qxb2 {[%clk 00:12:54]} {[%emt 00:09:27]} 25. Re3 {[%clk 00:55:21]}
{[%emt 00:01:01]} Ng4 {[%clk 00:03:31]} {[%emt 00:09:50]} 26. Re2 {[%clk
00:54:51]} {[%emt 00:01:04]} Qc2 {[%clk 00:01:25]} {[%emt 00:02:29]} 27. Bxb4
{[%clk 00:54:47]} {[%emt 00:00:40]} Bxb4 {[%clk 00:01:49]} {[%emt 00:00:05]}
28. Rxc2 {[%clk 00:54:52]} {[%emt 00:00:25]} Bxe1 {[%clk 00:02:16]} {[%emt
00:00:03]} 29. Rxe1 {[%clk 00:55:16]} {[%emt 00:00:06]} f6 {[%clk 00:02:18]}
{[%emt 00:00:29]} 30. h3 {[%clk 00:53:39]} {[%emt 00:02:07]} Nh6 {[%clk
00:02:46]} {[%emt 00:00:03]} 31. g4 {[%clk 00:54:03]} {[%emt 00:00:05]} Nf7
{[%clk 00:02:50]} {[%emt 00:00:25]} 32. Nc5 {[%clk 00:51:36]} {[%emt 00:02:58]}
Rac8 {[%clk 00:02:07]} {[%emt 00:00:58]} 33. Rec1 {[%clk 00:51:57]} {[%emt
00:00:24]} a5 {[%clk 00:01:38]} {[%emt 00:01:00]} 1/2-1/2

[Event "DVM U16w 2023"]
[Site "Magdeburg GER"]
[Date "2023.12.30"]
[Round "7"]
[White "Petrosyan, Ani"]
[Black "Moldovan, Stela"]
[Result "1/2-1/2"]
[Termination "normal"]
[Board "5.2"]
[WhiteElo "1493"]
[BlackElo "1573"]
[WhiteClock "00:09:40"]
[BlackClock "00:54:30"]
[WhiteTeam "TuRa Harksheide 1945 Norderstedt"]
[BlackTeam "SG Königskinder Hohentübingen"]
[PlyCount "66"]
[WhiteFideId "16248015"]
[BlackFideId "16287380"]
[EventCountry "GER"]
[EventRounds "7"]
[EventType "team-swiss"]
[EventDate "2023.12.26"]

1. d4 {[%clk 01:30:46]} {[%emt 00:00:14]} d5 {[%clk 01:30:48]} {[%emt
00:00:12]} 2. Nf3 {[%clk 01:31:10]} {[%emt 00:00:06]} e6 {[%clk 01:29:58]}
{[%emt 00:01:20]} 3. g3 {[%clk 01:31:33]} {[%emt 00:00:08]} Nf6 {[%clk
01:27:07]} {[%emt 00:03:21]} 4. Bg2 {[%clk 01:24:04]} {[%emt 00:07:59]} Be7
{[%clk 01:24:33]} {[%emt 00:03:04]} 5. O-O {[%clk 01:24:00]} {[%emt 00:00:34]}
b6 {[%clk 01:24:50]} {[%emt 00:00:14]} 6. c4 {[%clk 01:21:14]} {[%emt
00:03:15]} Bb7 {[%clk 01:24:22]} {[%emt 00:00:58]} 7. Ne5 {[%clk 01:18:50]}
{[%emt 00:02:53]} Nbd7 {[%clk 01:22:13]} {[%emt 00:02:39]} 8. Nc3 {[%clk
01:03:14]} {[%emt 00:16:06]} Qc8 {[%clk 01:21:04]} {[%emt 00:01:38]} 9. cxd5
{[%clk 00:49:16]} {[%emt 00:14:30]} Nxd5 {[%clk 01:19:55]} {[%emt 00:01:38]}
10. Nxd7 {[%clk 00:47:09]} {[%emt 00:02:37]} Qxd7 {[%clk 01:18:54]} {[%emt
00:01:31]} 11. e4 {[%clk 00:46:37]} {[%emt 00:01:01]} Nxc3 {[%clk 01:18:36]}
{[%emt 00:00:49]} 12. bxc3 {[%clk 00:46:47]} {[%emt 00:00:20]} c5 {[%clk
01:15:33]} {[%emt 00:03:33]} 13. Bf4 {[%clk 00:44:39]} {[%emt 00:02:35]} Rd8
{[%clk 01:13:36]} {[%emt 00:02:29]} 14. Qg4 {[%clk 00:38:03]} {[%emt 00:07:06]}
Bf6 {[%clk 01:12:29]} {[%emt 00:01:36]} 15. Rad1 {[%clk 00:34:54]} {[%emt
00:03:41]} h5 {[%clk 01:12:00]} {[%emt 00:00:59]} 16. Qe2 {[%clk 00:35:04]}
{[%emt 00:00:19]} Qa4 {[%clk 01:08:34]} {[%emt 00:03:49]} 17. dxc5 {[%clk
00:28:46]} {[%emt 00:06:55]} Ba6 {[%clk 01:08:19]} {[%emt 00:00:45]} 18. Rxd8+
{[%clk 00:25:17]} {[%emt 00:04:00]} Bxd8 {[%clk 01:07:45]} {[%emt 00:01:05]}
19. Qd2 {[%clk 00:19:07]} {[%emt 00:06:39]} Bxf1 {[%clk 01:07:38]} {[%emt
00:00:36]} 20. Bxf1 {[%clk 00:19:29]} {[%emt 00:00:09]} Qd7 {[%clk 01:05:31]}
{[%emt 00:02:36]} 21. Qd6 {[%clk 00:16:10]} {[%emt 00:03:49]} Qxd6 {[%clk
01:04:48]} {[%emt 00:01:15]} 22. cxd6 {[%clk 00:16:34]} {[%emt 00:00:07]} g5
{[%clk 01:03:18]} {[%emt 00:01:58]} 23. Bb5+ {[%clk 00:15:26]} {[%emt
00:01:37]} Kf8 {[%clk 01:03:38]} {[%emt 00:00:10]} 24. Be3 {[%clk 00:15:39]}
{[%emt 00:00:17]} f6 {[%clk 01:03:27]} {[%emt 00:00:41]} 25. c4 {[%clk
00:15:26]} {[%emt 00:00:44]} Kf7 {[%clk 01:03:27]} {[%emt 00:00:30]} 26. f4
{[%clk 00:14:43]} {[%emt 00:01:13]} gxf4 {[%clk 01:02:46]} {[%emt 00:01:10]}
27. gxf4 {[%clk 00:14:32]} {[%emt 00:00:41]} e5 {[%clk 01:01:39]} {[%emt
00:01:37]} 28. f5 {[%clk 00:14:12]} {[%emt 00:00:50]} Rg8+ {[%clk 01:01:59]}
{[%emt 00:00:10]} 29. Kf2 {[%clk 00:14:11]} {[%emt 00:00:30]} Rg4 {[%clk
01:01:42]} {[%emt 00:00:46]} 30. Bc6 {[%clk 00:13:02]} {[%emt 00:01:40]} h4
{[%clk 01:00:49]} {[%emt 00:01:23]} 31. Kf3 {[%clk 00:10:10]} {[%emt 00:03:22]}
Rg7 {[%clk 01:01:01]} {[%emt 00:00:18]} 32. Bd5+ {[%clk 00:09:54]} {[%emt
00:00:46]} Ke8 {[%clk 00:59:57]} {[%emt 00:01:34]} 33. Bc6+ {[%clk 00:09:40]}
{[%emt 00:00:45]} Kf7 {[%clk 00:54:30]} {[%emt 00:05:57]} 1/2-1/2

[Event "DVM U16w 2023"]
[Site "Magdeburg GER"]
[Date "2023.12.30"]
[Round "7"]
[White "Agalykova, Angelina"]
[Black "Chen, Michelle"]
[Result "1-0"]
[Termination "normal"]
[Board "5.3"]
[WhiteElo "1542"]
[BlackElo "1011"]
[WhiteClock "00:38:43"]
[BlackClock "00:19:34"]
[WhiteTeam "SG Königskinder Hohentübingen"]
[BlackTeam "TuRa Harksheide 1945 Norderstedt"]
[PlyCount "83"]
[WhiteFideId "13809571"]
[BlackFideId "16275403"]
[EventCountry "GER"]
[EventRounds "7"]
[EventType "team-swiss"]
[EventDate "2023.12.26"]

1. e4 {[%clk 01:30:58]} c5 {[%clk 01:30:54]} {[%emt 00:00:07]} 2. Nc3 {[%clk
01:31:11]} {[%emt 00:00:16]} d6 {[%clk 01:30:18]} {[%emt 00:01:07]} 3. g3
{[%clk 01:31:28]} {[%emt 00:00:13]} Nc6 {[%clk 01:30:24]} {[%emt 00:00:25]} 4.
Bg2 {[%clk 01:31:46]} {[%emt 00:00:12]} g6 {[%clk 01:29:39]} {[%emt 00:01:15]}
5. d3 {[%clk 01:31:59]} {[%emt 00:00:16]} e6 {[%clk 01:29:29]} {[%emt
00:00:41]} 6. f4 {[%clk 01:31:48]} {[%emt 00:00:41]} Bg7 {[%clk 01:25:24]}
{[%emt 00:04:35]} 7. Nf3 {[%clk 01:31:50]} {[%emt 00:00:29]} Nge7 {[%clk
01:23:25]} {[%emt 00:02:28]} 8. h3 {[%clk 01:31:16]} {[%emt 00:01:04]} f5
{[%clk 01:14:13]} {[%emt 00:09:43]} 9. O-O {[%clk 01:26:10]} {[%emt 00:05:35]}
O-O {[%clk 01:08:18]} {[%emt 00:06:24]} 10. g4 {[%clk 01:19:44]} {[%emt
00:06:57]} h6 {[%clk 01:02:59]} {[%emt 00:05:48]} 11. Ne2 {[%clk 01:10:48]}
{[%emt 00:09:27]} b5 {[%clk 00:59:18]} {[%emt 00:04:13]} 12. Ng3 {[%clk
01:05:10]} {[%emt 00:06:07]} b4 {[%clk 00:55:57]} {[%emt 00:03:50]} 13. exf5
{[%clk 00:55:49]} {[%emt 00:09:52]} gxf5 {[%clk 00:52:15]} {[%emt 00:04:10]}
14. Nh4 {[%clk 00:49:39]} {[%emt 00:06:40]} Nd5 {[%clk 00:41:32]} {[%emt
00:11:12]} 15. Nhxf5 {[%clk 00:49:39]} {[%emt 00:00:31]} Bb7 {[%clk 00:37:04]}
{[%emt 00:04:57]} 16. Nxg7 {[%clk 00:46:22]} {[%emt 00:03:47]} Kxg7 {[%clk
00:35:48]} {[%emt 00:01:46]} 17. Nh5+ {[%clk 00:46:29]} {[%emt 00:00:25]} Kh8
{[%clk 00:35:48]} {[%emt 00:00:30]} 18. f5 {[%clk 00:46:08]} {[%emt 00:00:50]}
Nf6 {[%clk 00:34:29]} {[%emt 00:01:50]} 19. Nf4 {[%clk 00:46:00]} {[%emt
00:00:38]} Rf7 {[%clk 00:32:07]} {[%emt 00:02:50]} 20. Nxe6 {[%clk 00:45:58]}
{[%emt 00:00:32]} Qb6 {[%clk 00:31:07]} {[%emt 00:01:30]} 21. Bxh6 {[%clk
00:45:36]} {[%emt 00:00:53]} c4+ {[%clk 00:30:20]} {[%emt 00:01:18]} 22. Kh1
{[%clk 00:45:53]} {[%emt 00:00:12]} Nd4 {[%clk 00:28:42]} {[%emt 00:02:08]} 23.
Nf4 {[%clk 00:44:49]} {[%emt 00:01:32]} Bxg2+ {[%clk 00:27:56]} {[%emt
00:01:18]} 24. Kxg2 {[%clk 00:43:14]} {[%emt 00:02:06]} Qc6+ {[%clk 00:25:18]}
{[%emt 00:03:08]} 25. Kh2 {[%clk 00:43:31]} {[%emt 00:00:13]} Nd5 {[%clk
00:22:58]} {[%emt 00:02:50]} 26. dxc4 {[%clk 00:43:16]} {[%emt 00:00:46]} Qxc4
{[%clk 00:22:05]} {[%emt 00:01:23]} 27. Nxd5 {[%clk 00:43:32]} {[%emt
00:00:14]} Qxd5 {[%clk 00:22:20]} {[%emt 00:00:15]} 28. c3 {[%clk 00:42:36]}
{[%emt 00:01:26]} bxc3 {[%clk 00:21:28]} {[%emt 00:01:22]} 29. bxc3 {[%clk
00:43:00]} {[%emt 00:00:05]} Rh7 {[%clk 00:20:27]} {[%emt 00:01:31]} 30. Qxd4+
{[%clk 00:42:40]} {[%emt 00:00:50]} Qxd4 {[%clk 00:20:40]} {[%emt 00:00:17]}
31. cxd4 {[%clk 00:43:04]} {[%emt 00:00:05]} Rxh6 {[%clk 00:21:05]} {[%emt
00:00:07]} 32. g5 {[%clk 00:43:17]} {[%emt 00:00:16]} Rh4 {[%clk 00:21:16]}
{[%emt 00:00:20]} 33. Kg3 {[%clk 00:39:31]} {[%emt 00:04:16]} Rxd4 {[%clk
00:21:24]} {[%emt 00:00:22]} 34. Rad1 {[%clk 00:39:51]} {[%emt 00:00:10]} Ra4
{[%clk 00:21:28]} {[%emt 00:00:25]} 35. Rxd6 {[%clk 00:39:34]} {[%emt
00:00:48]} Rc8 {[%clk 00:21:43]} {[%emt 00:00:12]} 36. Rfd1 {[%clk 00:37:32]}
{[%emt 00:02:35]} Rc3+ {[%clk 00:20:44]} {[%emt 00:01:28]} 37. R1d3 {[%clk
00:37:42]} {[%emt 00:00:20]} Rxd3+ {[%clk 00:20:21]} {[%emt 00:00:52]} 38. Rxd3
{[%clk 00:38:07]} {[%emt 00:00:06]} Rxa2 {[%clk 00:20:42]} {[%emt 00:00:08]}
39. Rd7 {[%clk 00:38:07]} {[%emt 00:00:30]} Ra3+ {[%clk 00:20:19]} {[%emt
00:00:54]} 40. Kg4 {[%clk 00:38:07]} {[%emt 00:00:31]} Ra4+ {[%clk 00:19:54]}
{[%emt 00:00:54]} 41. Kh5 {[%clk 00:38:30]} {[%emt 00:00:08]} Rf4 {[%clk
00:19:34]} {[%emt 00:00:50]} 42. Kg6 {[%clk 00:38:43]} {[%emt 00:00:15]} 1-0

[Event "DVM U16w 2023"]
[Site "Magdeburg GER"]
[Date "2023.12.30"]
[Round "7"]
[White "Striebeck, Liv"]
[Black "Luzgina, Anastasiia"]
[Result "0-1"]
[Termination "normal"]
[Board "5.4"]
[WhiteElo "1175"]
[BlackElo "1362"]
[WhiteClock "01:00:47"]
[BlackClock "00:55:02"]
[WhiteTeam "TuRa Harksheide 1945 Norderstedt"]
[BlackTeam "SG Königskinder Hohentübingen"]
[PlyCount "54"]
[WhiteFideId "16275438"]
[BlackFideId "24280860"]
[EventCountry "GER"]
[EventRounds "7"]
[EventType "team-swiss"]
[EventDate "2023.12.26"]

1. e4 {[%clk 01:30:57]} {[%emt 00:00:02]} c6 {[%clk 01:30:46]} {[%emt
00:00:14]} 2. Nc3 {[%clk 01:31:03]} {[%emt 00:00:24]} d5 {[%clk 01:31:05]}
{[%emt 00:00:11]} 3. d4 {[%clk 01:30:39]} {[%emt 00:00:54]} dxe4 {[%clk
01:31:07]} {[%emt 00:00:28]} 4. Nxe4 {[%clk 01:30:56]} {[%emt 00:00:12]} Bf5
{[%clk 01:31:03]} {[%emt 00:00:34]} 5. Bd3 {[%clk 01:30:46]} {[%emt 00:00:42]}
Bxe4 {[%clk 01:29:55]} {[%emt 00:01:38]} 6. Bxe4 {[%clk 01:31:05]} {[%emt
00:00:11]} Nf6 {[%clk 01:30:21]} {[%emt 00:00:04]} 7. Qd3 {[%clk 01:28:40]}
{[%emt 00:02:54]} e6 {[%clk 01:30:21]} {[%emt 00:00:30]} 8. Nf3 {[%clk
01:28:40]} {[%emt 00:00:30]} Be7 {[%clk 01:30:10]} {[%emt 00:00:40]} 9. O-O
{[%clk 01:28:35]} {[%emt 00:00:35]} Nbd7 {[%clk 01:30:09]} {[%emt 00:00:32]}
10. Re1 {[%clk 01:28:03]} {[%emt 00:01:02]} Nxe4 {[%clk 01:30:21]} {[%emt
00:00:18]} 11. Rxe4 {[%clk 01:27:17]} {[%emt 00:01:17]} Nf6 {[%clk 01:30:28]}
{[%emt 00:00:22]} 12. Re2 {[%clk 01:26:24]} {[%emt 00:01:23]} Qb6 {[%clk
01:25:47]} {[%emt 00:05:09]} 13. b3 {[%clk 01:25:38]} {[%emt 00:01:19]} Rd8
{[%clk 01:25:43]} {[%emt 00:00:34]} 14. Be3 {[%clk 01:21:30]} {[%emt 00:04:38]}
Nd5 {[%clk 01:25:18]} {[%emt 00:00:54]} 15. Rd1 {[%clk 01:21:18]} {[%emt
00:00:43]} O-O {[%clk 01:22:23]} {[%emt 00:03:24]} 16. c3 {[%clk 01:16:36]}
{[%emt 00:05:13]} c5 {[%clk 01:17:31]} {[%emt 00:05:21]} 17. Rdd2 {[%clk
01:05:02]} {[%emt 00:12:04]} f5 {[%clk 00:57:49]} {[%emt 00:20:13]} 18. Bg5
{[%clk 01:04:09]} {[%emt 00:01:24]} Bxg5 {[%clk 00:57:51]} {[%emt 00:00:28]}
19. Nxg5 {[%clk 01:04:30]} {[%emt 00:00:07]} Nf4 {[%clk 00:58:07]} {[%emt
00:00:13]} 20. Qe3 {[%clk 01:04:35]} {[%emt 00:00:27]} Nxe2+ {[%clk 00:58:16]}
{[%emt 00:00:20]} 21. Rxe2 {[%clk 01:03:54]} {[%emt 00:01:10]} cxd4 {[%clk
00:55:26]} {[%emt 00:03:21]} 22. Qxe6+ {[%clk 01:03:49]} {[%emt 00:00:35]} Qxe6
{[%clk 00:55:44]} {[%emt 00:00:11]} 23. Nxe6 {[%clk 01:04:13]} {[%emt
00:00:06]} Rfe8 {[%clk 00:55:35]} {[%emt 00:00:35]} 24. cxd4 {[%clk 01:03:36]}
{[%emt 00:01:11]} Rd6 {[%clk 00:54:47]} {[%emt 00:01:18]} 25. g3 {[%emt
00:01:49]} Rexe6 {[%clk 00:55:00]} {[%emt 00:00:01]} 26. Rc2 {[%clk 01:01:38]}
{[%emt 00:01:25]} Rxd4 {[%clk 00:55:10]} {[%emt 00:00:19]} 27. Rc7 {[%clk
01:00:47]} {[%emt 00:01:22]} Rb4 {[%clk 00:55:02]} {[%emt 00:00:36]} 0-1

[Event "DVM U16w 2023"]
[Site "Magdeburg GER"]
[Date "2023.12.30"]
[Round "7"]
[White "Reddi, Bhuvana"]
[Black "Wartenberg, Alissa"]
[Result "0-1"]
[Termination "normal"]
[Board "6.1"]
[WhiteElo "1565"]
[BlackElo "1721"]
[WhiteClock "00:10:29"]
[BlackClock "00:09:45"]
[WhiteTeam "SC Weisse Dame"]
[BlackTeam "Hamburger SK 1830"]
[PlyCount "96"]
[WhiteFideId "16287002"]
[BlackFideId "16280741"]
[EventCountry "GER"]
[EventRounds "7"]
[EventType "team-swiss"]
[EventDate "2023.12.26"]

1. e4 {[%clk 01:30:56]} {[%emt 00:00:03]} c5 {[%clk 01:30:56]} {[%emt
00:00:04]} 2. Nf3 {[%clk 01:31:20]} {[%emt 00:00:07]} e6 {[%clk 01:31:21]}
{[%emt 00:00:05]} 3. d4 {[%clk 01:31:43]} {[%emt 00:00:06]} cxd4 {[%clk
01:31:46]} {[%emt 00:00:07]} 4. Nxd4 {[%clk 01:31:59]} {[%emt 00:00:14]} Nf6
{[%clk 01:32:10]} {[%emt 00:00:06]} 5. Nc3 {[%clk 01:32:24]} {[%emt 00:00:04]}
Nc6 {[%clk 01:32:33]} {[%emt 00:00:08]} 6. Ndb5 {[%clk 01:32:03]} {[%emt
00:00:51]} Bc5 {[%clk 01:32:56]} {[%emt 00:00:07]} 7. Bf4 {[%clk 01:32:27]}
{[%emt 00:00:06]} O-O {[%clk 01:32:46]} {[%emt 00:00:40]} 8. Bc7 {[%clk
01:32:30]} {[%emt 00:00:26]} Qe7 {[%clk 01:33:07]} {[%emt 00:00:08]} 9. Bd6
{[%clk 01:32:52]} {[%emt 00:00:08]} Bxd6 {[%clk 01:33:31]} {[%emt 00:00:07]}
10. Qxd6 {[%clk 01:33:12]} {[%emt 00:00:10]} Qd8 {[%clk 01:29:57]} {[%emt
00:04:05]} 11. O-O-O {[%clk 01:33:22]} {[%emt 00:00:18]} a6 {[%clk 01:24:32]}
{[%emt 00:05:55]} 12. Nd4 {[%clk 01:33:41]} {[%emt 00:00:11]} Qa5 {[%clk
01:22:04]} {[%emt 00:02:58]} 13. f3 {[%clk 01:26:41]} {[%emt 00:07:30]} Qg5+
{[%clk 01:14:17]} {[%emt 00:08:18]} 14. Kb1 {[%clk 01:18:24]} {[%emt 00:08:45]}
Ne8 {[%clk 01:07:50]} {[%emt 00:06:58]} 15. Qg3 {[%clk 01:15:57]} {[%emt
00:02:57]} Qf6 {[%clk 01:03:40]} {[%emt 00:04:41]} 16. Nxc6 {[%clk 01:15:30]}
{[%emt 00:00:56]} bxc6 {[%clk 01:00:29]} {[%emt 00:03:42]} 17. e5 {[%clk
01:15:43]} {[%emt 00:00:16]} Qe7 {[%clk 00:58:48]} {[%emt 00:02:07]} 18. Ne4
{[%clk 01:15:03]} {[%emt 00:01:10]} f5 {[%clk 00:55:47]} {[%emt 00:03:34]} 19.
Nd6 {[%clk 01:14:53]} {[%emt 00:00:39]} Nxd6 {[%clk 00:55:31]} {[%emt
00:00:46]} 20. exd6 {[%clk 01:15:02]} {[%emt 00:00:22]} Qf6 {[%clk 00:55:48]}
{[%emt 00:00:14]} 21. f4 {[%clk 01:11:40]} {[%emt 00:03:51]} Rb8 {[%clk
00:53:12]} {[%emt 00:03:06]} 22. Qa3 {[%clk 01:11:53]} {[%emt 00:00:16]} Bb7
{[%clk 00:51:29]} {[%emt 00:02:14]} 23. Bc4 {[%clk 01:09:59]} {[%emt 00:02:20]}
c5 {[%clk 00:51:15]} {[%emt 00:00:48]} 24. Rhg1 {[%clk 01:00:03]} {[%emt
00:10:25]} Be4 {[%clk 00:50:06]} {[%emt 00:01:41]} 25. b3 {[%clk 00:58:41]}
{[%emt 00:01:49]} a5 {[%clk 00:43:09]} {[%emt 00:07:29]} 26. Qxc5 {[%clk
00:56:04]} {[%emt 00:03:07]} a4 {[%clk 00:38:23]} {[%emt 00:05:16]} 27. Qe5
{[%clk 00:50:17]} {[%emt 00:06:17]} axb3 {[%clk 00:36:27]} {[%emt 00:02:26]}
28. axb3 {[%clk 00:48:11]} {[%emt 00:02:36]} Qd8 {[%clk 00:36:12]} {[%emt
00:00:45]} 29. g4 {[%clk 00:48:12]} {[%emt 00:00:29]} Rf7 {[%clk 00:32:03]}
{[%emt 00:04:40]} 30. gxf5 {[%clk 00:47:11]} {[%emt 00:01:31]} Bxf5 {[%clk
00:32:20]} {[%emt 00:00:13]} 31. Rg3 {[%clk 00:46:07]} {[%emt 00:01:32]} Qc8
{[%clk 00:30:30]} {[%emt 00:02:22]} 32. Kc1 {[%clk 00:44:59]} {[%emt 00:01:33]}
Ra8 {[%clk 00:29:31]} {[%emt 00:01:33]} 33. Rdg1 {[%clk 00:43:58]} {[%emt
00:01:31]} g6 {[%clk 00:28:31]} {[%emt 00:01:31]} 34. h4 {[%clk 00:43:48]}
{[%emt 00:00:40]} Ra2 {[%clk 00:28:08]} {[%emt 00:00:52]} 35. R1g2 {[%clk
00:32:21]} {[%emt 00:11:56]} Qc6 {[%clk 00:25:31]} {[%emt 00:03:09]} 36. h5
{[%clk 00:31:12]} {[%emt 00:01:38]} Rxc2+ {[%clk 00:22:10]} {[%emt 00:03:52]}
37. Rxc2 {[%clk 00:29:15]} {[%emt 00:02:27]} Qh1+ {[%clk 00:22:20]} {[%emt
00:00:20]} 38. Kb2 {[%clk 00:25:53]} {[%emt 00:03:51]} Bxc2 {[%clk 00:22:36]}
{[%emt 00:00:14]} 39. hxg6 {[%clk 00:26:00]} {[%emt 00:00:24]} Bxg6 {[%clk
00:22:02]} {[%emt 00:01:04]} 40. f5 {[%clk 00:10:56]} {[%emt 00:15:34]} Rxf5
{[%clk 00:10:59]} {[%emt 00:11:33]} 41. Qxf5 {[%clk 00:09:28]} {[%emt
00:01:58]} Qh2+ {[%clk 00:13:17]} {[%emt 00:28:12]} 42. Ka1 {[%clk 00:26:15]}
{[%emt 00:13:39]} Qxg3 {[%clk 00:13:11]} {[%emt 00:00:42]} 43. Bxe6+ {[%clk
00:16:01]} {[%emt 00:10:43]} dxe6 {[%clk 00:13:02]} {[%emt 00:00:39]} 44. Qxe6+
{[%clk 00:15:05]} {[%emt 00:01:25]} Bf7 {[%clk 00:12:58]} {[%emt 00:00:34]} 45.
Qf6 {[%clk 00:13:51]} {[%emt 00:01:44]} Qxb3 {[%clk 00:09:28]} {[%emt
00:04:01]} 46. Qd8+ {[%clk 00:10:21]} {[%emt 00:03:59]} Kg7 {[%clk 00:09:53]}
{[%emt 00:00:06]} 47. Qg5+ {[%clk 00:10:40]} {[%emt 00:00:10]} Bg6 {[%clk
00:09:45]} {[%emt 00:00:38]} 48. Qe7+ {[%clk 00:10:29]} {[%emt 00:00:40]} Qf7
{[%clk 00:09:45]} {[%emt 00:00:31]} 0-1